| 000 | 01377cam a2200397 a 4500 | ||
|---|---|---|---|
| 001 | 13352147 | ||
| 003 | OSt | ||
| 005 | 20140426081039.0 | ||
| 008 | 030925s2003 nyua b 000 1 eng | ||
| 010 | _a 2003277850 | ||
| 020 | _a0439418151 | ||
| 040 |
_aDLC _cDLC |
||
| 042 | _alcac | ||
| 050 | 0 | 0 |
_aPZ 7 _b.B772 2003 |
| 100 | 1 |
_aJennings, Sharon. _926575 |
|
| 245 | 1 | 0 |
_aFranklin stays up / _c[story written by Sharon Jennings ; illustrated by Sean Jeffrey, Shelley Southern and Jelena Sisic]. |
| 260 |
_aNew York : _bScholastic, _c2003 |
||
| 300 |
_a32 p. : _bcol. ill. ; _c23 cm. |
||
| 520 | _aFranklin wants to stay up all night, so he invites his friends to an overnight in a his backyard, but they find that staying awake is harder than they thought. | ||
| 521 | _aG1 | ||
| 526 | _c130 | ||
| 562 | _e1 | ||
| 650 | 1 |
_aSleepovers _vFiction. _926576 |
|
| 650 | 1 |
_aCamping _vFiction. _926577 |
|
| 650 | 1 |
_aTurtles _vFiction. _926578 |
|
| 650 | 1 |
_aAnimals _vFiction. _926579 |
|
| 700 | 1 |
_aJeffrey, Sean, _eill. _926580 |
|
| 700 | 1 |
_aSouthern, Shelley, _eill. _926581 |
|
| 700 | 1 |
_aSisic, Jelena, _eill. _926582 |
|
| 730 | 0 |
_aFranklin (Television program) _926583 |
|
| 830 | 0 |
_aKids can read (New York) _926584 |
|
| 906 |
_a7 _bcbc _corignew _d2 _encip _f20 _gy-gencatlg |
||
| 942 |
_2lcc _cBK |
||
| 999 |
_c47524 _d47524 |
||